00493nam#a2200169#i#4500001001400000005001700014100004100031101000800072102000700080200005800087210005200145215001200197608002000209675004800229700002900277856001700306EN\\book\506420260426083510.7##a20260424d2026####ek#y0engy0150####ca0#aRUS##aRU1#aEnglish Grammar: Guide and Practice. Part 1eTextbook1#aMoscowcMGIMO University Publishing Housed2026##a364 с.##aTextbook2local##aАнглийский язык. 811.111zRUS#1aKazakovagElena Petrovna4#adom.mgimo.ru